000 00516nam a2200193Ia 4500
005 20250507130440.0
008 008 250505s9999 xx 000 0 chi d
020 _a890804313603810
037 _aAnnuals, Advances
040 _aEASL
_beng
_cEASL
041 _achi
_2eng
084 _a0495, P4;1
_qEASL
100 _aSeung Ok Kim
245 0 _aMUJIN GI HANG
260 _aSouth Korea
_bSEOUL KOREA
_c2004
300 _a157
942 _cTEXL
_h0495, P4;1
999 _c1320241
_d1320241